Vykazovanie zásob podľa IFRS/IAS a podľa slovenských účtovných predpisov
Rozsah pôsobnosti štandardu IAS 2 Zásoby a základné pojmy. Vymedzenie zásob v slovenskom účtovníctve. Oceňovanie zásob podľa IAS 2 Zásoby. Oceňovanie zásob v slovenskom účtovníctve.
Guardado en:
| Autor principal: | |
|---|---|
| Formato: | Capítulo de libro |
| Lenguaje: | eslovaco |
| Materias: | |
| Etiquetas: |
Sin Etiquetas, Sea el primero en etiquetar este registro!
|
MARC
| LEADER | 00000naa$a2200000$$$4500 | ||
|---|---|---|---|
| 001 | 0210094 | ||
| 005 | 20240502073510.1 | ||
| 041 | 0 | |a slo | |
| 044 | |a SK | ||
| 245 | 1 | 0 | |a Vykazovanie zásob podľa IFRS/IAS a podľa slovenských účtovných predpisov |c Elena Moravčíková |
| 520 | |a Rozsah pôsobnosti štandardu IAS 2 Zásoby a základné pojmy. Vymedzenie zásob v slovenskom účtovníctve. Oceňovanie zásob podľa IAS 2 Zásoby. Oceňovanie zásob v slovenskom účtovníctve. | ||
| 610 | 2 | 0 | |a výkazníctvo finančné |
| 610 | 2 | 0 | |a štandardy účtovné medzinárodné |
| 610 | 2 | 0 | |a oceňovanie |
| 610 | 2 | 0 | |a zásoby |
| 610 | 2 | 0 | |a Slovensko |
| 100 | 1 | |a Moravčíková, Elena, 1967- | |